000
00283nam a2200133Ia 4500
100
_a
Anshuman Kit
942
_c
BK
654
_a
iNSTRUCTION MANUAL
245
_a
Instruction manual S1/ V51
260
_b
EMCO(Xerox copy)
082
_a
5.43
_b
PAN
546
_a
ENGLISH
999
_c
20519
_d
20519